<?xml version="1.0" encoding="UTF-8"?>
<record
    xmlns:xsi="http://www.w3.org/2001/XMLSchema-instance"
    xsi:schemaLocation="http://www.loc.gov/MARC21/slim http://www.loc.gov/standards/marcxml/schema/MARC21slim.xsd"
    xmlns="http://www.loc.gov/MARC21/slim">

  <leader>01862nam a2200313 i 4500</leader>
  <controlfield tag="001">193541</controlfield>
  <controlfield tag="003">ES-MaACL</controlfield>
  <controlfield tag="005">20250708202627.0</controlfield>
  <controlfield tag="007">ta</controlfield>
  <controlfield tag="008">240105s2023    sp ||||| |||| 00| 0 spa d</controlfield>
  <datafield tag="020" ind1=" " ind2=" ">
    <subfield code="a">9788412635751</subfield>
  </datafield>
  <datafield tag="040" ind1=" " ind2=" ">
    <subfield code="c">ES-MaACL</subfield>
  </datafield>
  <datafield tag="100" ind1=" " ind2=" ">
    <subfield code="a">Arn&#xE1;s, Federico </subfield>
    <subfield code="9">234844</subfield>
    <subfield code="e">aut</subfield>
  </datafield>
  <datafield tag="245" ind1="1" ind2="1">
    <subfield code="a">&#xA1;Qu&#xE9; sabr&#xE1;s t&#xFA; -- de toros! :</subfield>
    <subfield code="b">365 preguntas que todo aficionado se ha hecho alguna vez /</subfield>
    <subfield code="c">Fernando Arn&#xE1;s ; ilustraciones de Vicente Arn&#xE1;s</subfield>
  </datafield>
  <datafield tag="250" ind1=" " ind2=" ">
    <subfield code="a">1&#xAA; edici&#xF3;n: septiembre 2023</subfield>
  </datafield>
  <datafield tag="260" ind1=" " ind2=" ">
    <subfield code="a">[C&#xF3;rdoba] :</subfield>
    <subfield code="b">El Pase&#xED;llo Editorial,</subfield>
    <subfield code="c">2023.</subfield>
  </datafield>
  <datafield tag="300" ind1=" " ind2=" ">
    <subfield code="a">272 p&#xE1;ginas ;</subfield>
    <subfield code="c">21 cm</subfield>
  </datafield>
  <datafield tag="490" ind1="1" ind2=" ">
    <subfield code="a">Toros en la historia </subfield>
  </datafield>
  <datafield tag="520" ind1=" " ind2=" ">
    <subfield code="a">Si quieres saber cu&#xE1;nto sabes de toros, si quieres saber m&#xE1;s o quieres empezar a saber de toros... Un magn&#xED;fico libro juego del prestigioso periodista Federico Arn&#xE1;s. 365 preguntas que todo aficionado se ha hecho alguna vez, con tres opciones y la respuesta comentada en preciosos art&#xED;culos llenos de datos, sabor, an&#xE9;cdota e historia... Por el conocido periodista de RTVE, Federico Arn&#xE1;s, cara muy conocida de programas y retransmisiones taurinas y actualmente en Telemadrid y en RNE. Un divertido trivial taurino, pero lleno de datos de la erudita y completa biblioteca personal del autor.</subfield>
  </datafield>
  <datafield tag="650" ind1=" " ind2="4">
    <subfield code="9">17288</subfield>
    <subfield code="a">Tauromaquia</subfield>
  </datafield>
  <datafield tag="700" ind1=" " ind2=" ">
    <subfield code="a">Arn&#xE1;s, Vicente</subfield>
    <subfield code="9">235138</subfield>
    <subfield code="e">ill</subfield>
  </datafield>
  <datafield tag="830" ind1=" " ind2=" ">
    <subfield code="a">Toros en la historia </subfield>
    <subfield code="9">235139</subfield>
  </datafield>
  <datafield tag="852" ind1=" " ind2=" ">
    <subfield code="a">ES-MaACL</subfield>
    <subfield code="b">R.154875</subfield>
    <subfield code="c">DEPOJ</subfield>
    <subfield code="j">N-9724</subfield>
    <subfield code="h">Donaci&#xF3;n: Federico Arn&#xE1;s</subfield>
    <subfield code="g">Dedicatoria aut&#xF3;grafa del autor</subfield>
    <subfield code="9">201307</subfield>
    <subfield code="x">Encuadernaci&#xF3;n r&#xFA;stica con solapas</subfield>
  </datafield>
  <datafield tag="942" ind1=" " ind2=" ">
    <subfield code="n">0</subfield>
    <subfield code="c">MONOGRAFIA</subfield>
  </datafield>
  <datafield tag="999" ind1=" " ind2=" ">
    <subfield code="c">193541</subfield>
    <subfield code="d">193541</subfield>
  </datafield>
  <datafield tag="952" ind1=" " ind2=" ">
    <subfield code="0">0</subfield>
    <subfield code="1">0</subfield>
    <subfield code="2">udc</subfield>
    <subfield code="4">0</subfield>
    <subfield code="7">0</subfield>
    <subfield code="8">Librosdedicados</subfield>
    <subfield code="a">ATENEOM</subfield>
    <subfield code="b">ATENEOM</subfield>
    <subfield code="c">DEPOJ</subfield>
    <subfield code="d">2023-11-27</subfield>
    <subfield code="e">DONACION</subfield>
    <subfield code="l">0</subfield>
    <subfield code="o">N-9724</subfield>
    <subfield code="p">101206706</subfield>
    <subfield code="r">2024-02-12 00:00:00</subfield>
    <subfield code="w">2024-02-12</subfield>
    <subfield code="y">MONOGRAFIA</subfield>
    <subfield code="z">Dedicatoria aut&#xF3;grafa del autor</subfield>
  </datafield>
</record>
